| 000 | 00450pam a2200157a 44500 | ||
|---|---|---|---|
| 008 | 230515b2004 xxu||||| |||| 00| 0 eng d | ||
| 020 | _aNULL | ||
| 041 | _aENGL | ||
| 082 | _aNULL | ||
| 100 | _a"SHARMA RAMNATH.," | ||
| 245 | _aSOCIAL PHILOSOPHY | ||
| 250 | _a0 | ||
| 260 |
_aMEERUT _bKEDAR NATH RAM NATH _c2004 |
||
| 300 | _aXI+432 | ||
| 650 | _a"ORIENTAL,INDIA,PHILOSOPHY,METHODS OF SOCIAL PHILOSOPHY,VALU OF SOCIAL PHILIOSOPHY,SOCIAL EVOLUTION" | ||
| 999 |
_c535860 _d535860 |
||